| 000 | 00756nam a2200229Ia 4500 | ||
|---|---|---|---|
| 003 | GCL | ||
| 008 | 140319s9999 xx 000 0 ara d | ||
| 040 |
_aGCL / _cGCL |
||
| 082 | 0 | 4 |
_aم _b910.9 _bم ك |
| 100 | 1 | _aدى خوية | |
| 245 | 1 | 0 |
_aكتاب التنبيه والاشراف / _cدى خوية |
| 700 | 1 | _aالمسعودى : ابو الحسن على بن الحين بن على الشافعى | |
| 260 |
_a[S.N] : _bبريل ، _c1893 |
||
| 300 | _a508 ص | ||
| 490 |
_aماذا اعرف _v0 |
||
| 650 | 0 | 4 | _aالتاريخ الاسلامى |
| 650 | 0 | 4 | _aالجغرافيا التاريخية |
| 650 | 0 | 4 | _aالجغرافيا |
| 650 | 0 | 4 | _aالحضارة الاسلامية |
| 650 | 0 | 4 | _aالمدن الاسلامية |
| 942 |
_2ddc _cREF |
||
| 999 |
_c59530 _d59530 |
||